Gaming Quiz

Random Gaming or Pokémon Quiz

Pokemon -- Eighth Generation Quiz Stats

 Plays Quiz not verified by Sporcle

Support Sporcle.
Go Orange.
Score 0/82 Timer 12:00
0 Plays Today
Number Pokémon % Correct
810Grookey
96%
813Scorbunny
96%
816Sobble
96%
890Eternatus
93.3%
812Rillaboom
92%
814Raboot
92%
815Cinderace
92%
818Inteleon
92%
823Corviknight
92%
822Corvisquire
92%
889Zamazenta
92%
888Zacian
92%
821Rookidee
88%
868Milcery
88%
811Thwackey
84%
817Drizzile
84%
819Skwovet
84%
820Greedent
84%
836Boltund
84%
869Alcremie
84%
891Zarude
84%
826Orbeetle
80%
887Dragapult
80%
885Dreepy
80%
825Dottler
76%
835Yamper
76%
886Drakloak
76%
824Blipbug
72%
Number Pokémon % Correct
834Drednaw
72%
837Rolycoly
72%
839Coalossal
72%
856Hatenna
72%
857Hattrem
72%
858Hatterene
72%
859Impidimp
72%
861Grimmsnarl
72%
862Obstagoon
72%
872Snom
72%
873Frosmoth
72%
880Dracozolt
72%
881Arctozolt
72%
882Dracovish
72%
883Arctovish
72%
884Duraludon
72%
830Eldegoss
68%
838Carkol
68%
863Perrserker
68%
866Mr. Rime
68%
867Runerigus
68%
829Gossifleur
64%
831Wooloo
64%
832Dubwool
64%
848Toxel
64%
849Toxtricity
64%
850Sizzlipede
64%
851Centiskorch
64%
Number Pokémon % Correct
878Cufant
64%
879Copperajah
64%
833Chewtle
60%
840Applin
60%
841Flapple
60%
842Appletun
60%
844Sandaconda
60%
860Morgrem
60%
828Thievul
56%
845Cramorant
56%
846Arrokuda
56%
847Barraskewda
56%
864Cursola
56%
865Sirfetch'd
56%
827Nickit
52%
843Silicobra
52%
852Clobbopus
52%
870Falinks
52%
874Stonjourner
52%
854Sinistea
48%
855Polteageist
48%
875Eiscue
48%
877Morpeko
48%
876Indeedee
48%
871Pincurchin
32%
853Glapploct
24%

You're not logged in!

Compare scores with friends on all Sporcle quizzes.
OR
Log In

From the Vault

Most BCS Appearances

by ks99

We'd like to explain the criteria that the BCS uses for appearances and rankings, but by the time we finish the criteria would have changed.
Remove Ads.
Support Sporcle.
Get the best of Sporcle when you Go Orange. This ad-free experience offers more features, more stats, and more fun while also helping to support Sporcle. Thank you for becoming a member.

Show Comments

Extras

Created Feb 22, 2020ReportNominate
Tags:Pokémon Quiz

Top Quizzes Today


Score Distribution

Your Account Isn't Verified!

In order to create a playlist on Sporcle, you need to verify the email address you used during registration. Go to your Sporcle Settings to finish the process.

Report this User

Report this user for behavior that violates our Community Guidelines.

Details: